Popstar - Statistiques

Statistiques générales
  • Ce quiz a été pris 80 fois
  • Le résultat moyen est 11 sur 60
Statistiques - réponses
? Réponse % Correct
B Beyonce
75%
R Rihanna
69%
JB Justin Bieber
57%
TS Taylor Swift
57%
MJ Michael Jackson
54%
S'girls Spice Girls
52%
KP Katy Perry
51%
AG Ariana Grande
49%
LG Lady Gaga
48%
BS Britney Spears
44%
M Madonna
39%
SG Selena Gomez
39%
WH Whitney Houston
39%
1D One Direction
38%
JT Justin Timberlake
30%
JL Jennifer Lopez
25%
DL Dua Lipa
23%
A--A ABBA
21%
CA Christina Aguilera
21%
S Shakira
21%
BE Billie Eilish
20%
MC Miley Cyrus
20%
J'bro The Jonas Brothers
20%
U Usher
18%
MC Mariah Carey
16%
KC Kelly Clarkson
15%
CRJ Carly Rae Jepsen
13%
CD Celine Dion
13%
DL Demi Lovato
13%
P Pink
13%
BM Bruno Mars
11%
ES Ed Sheeran
11%
EJ Elton John
11%
bEp The Black Eyed Peas
10%
JJ Janet Jackson
8%
TT Tina Turner
8%
C Cher
7%
GS Gwen Stefani
7%
P Prince
7%
SM Shawn Mendes
7%
AL Avril Lavigne
5%
F Fergie
5%
KM Kylie Minogue
5%
BG Bee Gees
3%
N' N'sync
3%
AL Adam Levine
0%
AM Alanis Morrisette
0%
BB Backstreet Boys
0%
BS Barbra Streisand
0%
BB Beach Boys
0%
BM Bette Middler
0%
BG Boy George
0%
CL Cyndi Lauper
0%
JS Jessica Simpson
0%
L Lizzo
0%
MB Michael Bublé
0%
NKB New Kid on the Block
0%
PA Paula Abdul
0%
PC Phil Collins
0%
SC Sheryl Crow
0%
Aucun quiz correspondant
Distribution des résultats
% des personnes avec chaque résultat
Percentile par nombre de réponses
Votre historique - résultats
Vous n’avez pas pris ce quiz